2024 USA Men's Basketball Roster - Statistics

General Stats
  • This quiz has been taken 139 times
    137 since last reset
  • The average score is 11 of 12
Answer Stats
NBA Team Answer % Correct
Lakers LeBron James
100%
Warriors Stephen Curry
99%
Suns Kevin Durant
98%
Lakers Anthony Davis
97%
Celtics Jayson Tatum
97%
76ers Joel Embiid
95%
Timberwolves Anthony Edwards
94%
Suns Devin Booker
91%
Clippers Kawhi Leonard
88%
Pacers Tyrese Haliburton
88%
Heat Bam Adebayo
86%
Celtics Jrue Holiday
77%
No matching quizzes found
Score Distribution
Percent of People with Each Score
Percentile by Number Answered
Your Score History
You have not taken this quiz since the last reset